00912nam a2200169 a 4500008004100000050002400041245017900065260008200244300002900326500004200355650001900397650002800416650003100444995012500475999001700600952012500617180911s2017 ||||||||||||||||| || u aGOV.ZAM(058)BA/201700a2018 Budget Address: "accelerating fiscal fitness for sustained inclusive growth, without leaving anyone behind"cby Government of the Republic of Zambia, Ministry of Finance aLusakabGovernment of the Republic of Zambia, Ministry of Finance (MoF)c2017 a38 pages : illustrations aPresented by Hon. Felix C. Mutati, MP aBUDGET--ZAMBIA aFINANCE, PUBLIC--ZAMBIA aBUDGET--ZAMBIA--PERIDICALS FCBU-MAIN LIBRARY (Kitwe)M1UAVAILABLEWSep 11, 2018XGovernment the Republic of Zambia DocumentsZUniversity Collection c33121d33121 00102lcc4070a001b001cUniversity Collectiond2022-11-30l0oGOV.ZAM(058)BA/2017pB3716r2022-11-30w2022-11-30y002